=LDR 00000nam 2200000 4500 =001 INLIS000000000047301 =005 20151006105402.0 =006 =007 =008 =020 ##$$a 979-8001-12-5 =035 ##$$0010-101500000000012 =040 ##$$a ind =082 ##$$a 537 =090 ##$$a 537 $b Sut F =100 ##$$a Sutrisno =245 ##$$a Seri Fisika : FISIKA DASAR =260 ##$$a Bandung $b Melanika$c 1997 =300 ##$$a x, 260 hlm $b 30 cm =850 ##$$a NBPDMAT =990 ##$$a 0001/BPAP-NTB/2015